Lava Chicken Lyrics (english) - Statistics

General Stats
  • This quiz has been taken 104 times
  • The average score is 22 of 38
Answer Stats
Answer % Correct
La
100%
La
100%
Ch
98%
Ch
98%
Ch
98%
Chicken
98%
La
98%
Lava
98%
Lava
84%
Chicken
82%
Steve's
81%
Yeah
67%
It's
60%
As
56%
Hell
56%
Tasty
54%
Bell
49%
Mamacita
49%
Ringing
49%
The
49%
Ooh
47%
Lava
46%
Attack!
42%
Now
42%
Snack
42%
A
40%
Crispy
40%
Having
40%
Juicy
40%
Ooh
40%
You're
40%
A
39%
And
39%
It's
39%
Now
39%
Spicy
35%
Super
35%
You're
35%
No matching quizzes found
Score Distribution
Percent of People with Each Score
Percentile by Number Answered
Your Score History
You have not taken this quiz